000 00253nam a2200097Ia 4500
001 1180909
005 20250827020805.0
008 250824s9999 xx 000 0 und d
245 0 _aKARDEŞİMİN KORUYUCUSU (C3)
_cJULIE LEE
260 _bGENÇ TİMAŞ YAY.
999 _c1180909
_d1180909